QUALITY CONTROL AND STANDARDIZATION OF HERBALS (Record no. 32442)
[ view plain ]
| 000 -LEADER | |
|---|---|
| fixed length control field | 00320nam a22001337a 4500 |
| 003 - CONTROL NUMBER IDENTIFIER | |
| control field | SGT |
| 020 ## - INTERNATIONAL STANDARD BOOK NUMBER | |
| International Standard Book Number | 97815-4334469-1 |
| 082 ## - DEWEY DECIMAL CLASSIFICATION NUMBER | |
| Classification number | 615.19 |
| Item number | MAN |
| 100 ## - MAIN ENTRY--PERSONAL NAME | |
| Personal name | MANEKAR, DR. HNEHAL |
| 245 ## - TITLE STATEMENT | |
| Title | QUALITY CONTROL AND STANDARDIZATION OF HERBALS |
| 260 ## - PUBLICATION, DISTRIBUTION, ETC. (IMPRINT) | |
| Place of publication, distribution, etc | INDIA |
| Name of publisher, distributor, etc | PEE VEE. PUB. |
| Year of Publication | 2021 |
| 300 ## - PAGE DESCRIPTION | |
| No. of Pages | 173 |
| 942 ## - ADDED ENTRY ELEMENTS (KOHA) | |
| Source of classification or shelving scheme | Dewey Decimal Classification |
| Koha item type | Books |
| Withdrawn status | Lost status | Source of classification or shelving scheme | Damaged status | Not for loan | Collection code | Home library | Current library | Date acquired | SGTU | Total Checkouts | Full call number | Accession No. (Barcode) | Date last seen | Bill Date | Koha item type |
|---|---|---|---|---|---|---|---|---|---|---|---|---|---|---|---|
| Dewey Decimal Classification | SCIENCE | SGT Science & Social Sciences Library | SGT Science & Social Sciences Library | 25/08/2025 | SGTU | 615.19 MAN | DP130 | 25/08/2025 | 25/08/2025 | Books |